00386nam a2200157Ia 4500003000400000005001700004008004100021020001400062040000900076082001700085100002100102245004000123260004400163300000900207650001200216OSt20201125135847.0190216s9999||||xx |||||||||||||| ||und|| a817240805 coclc a891.2bRYD/P a Ryder, Arthur W 4aThe Panchatantra /cArthur W Ryder  bJaico Publishing House,c1949.aBombay: a369p aHistory